The Gambia : 2005 Article IV Consultation; Staff Report; Staff Statement; Public Information Notice on the Executive Board Discussion; and Statement by the Executive Director for The Gambia.

This 2005 Article IV Consultation highlights that The Gambia's economic performance since the mid-1980s has been uneven owing to exogenous shocks, macroeconomic and structural policy slippage, poor governance, and weak institutions. The economic performance has been constrained by policy distor...

ver descrição completa

Detalhes bibliográficos
Autor Corporativo: International Monetary Fund
Formato: Periódico
Idioma:English
Publicado em: Washington, D.C. : International Monetary Fund, 2006.
Colecção:IMF Staff Country Reports; Country Report ; No. 2006/008
Acesso em linha:Full text available on IMF
LEADER 01798cas a2200241 a 4500
001 AALejournalIMF008951
008 230101c9999 xx r poo 0 0eng d
020 |c 5.00 USD 
020 |z 9781451815467 
022 |a 1934-7685 
040 |a BD-DhAAL  |c BD-DhAAL 
110 2 |a International Monetary Fund. 
245 1 4 |a The Gambia :   |b 2005 Article IV Consultation; Staff Report; Staff Statement; Public Information Notice on the Executive Board Discussion; and Statement by the Executive Director for The Gambia. 
264 1 |a Washington, D.C. :  |b International Monetary Fund,  |c 2006. 
300 |a 1 online resource (93 pages) 
490 1 |a IMF Staff Country Reports 
500 |a <strong>Off-Campus Access:</strong> No User ID or Password Required 
500 |a <strong>On-Campus Access:</strong> No User ID or Password Required 
506 |a Electronic access restricted to authorized BRAC University faculty, staff and students 
520 3 |a This 2005 Article IV Consultation highlights that The Gambia's economic performance since the mid-1980s has been uneven owing to exogenous shocks, macroeconomic and structural policy slippage, poor governance, and weak institutions. The economic performance has been constrained by policy distortions and by recurrent weaknesses in fiscal policy. Expansionary policies have increased the government's recourse to domestic bank financing, which, in turn, has raised real interest. Macroeconomic performance has strengthened over the past 18 months particularly through end-2004, in response to strong financial policies. 
538 |a Mode of access: Internet 
830 0 |a IMF Staff Country Reports; Country Report ;  |v No. 2006/008 
856 4 0 |z Full text available on IMF  |u http://elibrary.imf.org/view/journals/002/2006/008/002.2006.issue-008-en.xml  |z IMF e-Library